[Event "Rome Elo op 4th"]
[Site "Rome"]
[Date "2009.06.10"]
[Round "6"]
[White "Nassetti, Francesco"]
[Black "Carotenuto, Piero"]
[Result "0-1"]
[WhiteElo "1843"]
[BlackElo "1724"]
[PlyCount "94"]
[EventDate "2009.05.06"]
[EventType "swiss"]
[EventRounds "7"]
[EventCountry "ITA"]
[SourceTitle "EXT 2011"]
[Source "ChessBase"]
[SourceDate "2010.11.26"]
[SourceVersion "1"]
[SourceVersionDate "2010.11.26"]
[SourceQuality "1"]

1. Nf3 d5 2. d4 Nf6 3. c4 e6 4. Nc3 c6 5. Bg5 h6 6. Bxf6 Qxf6 7. e3 g6 8. cxd5 exd5 9. a3 a5 10. Qa4 Nd7 11. Bd3 Bg7 12. 0-0 0-0 13. Rfc1 b5 14. Qb3 a4 15. Qb4 Re8 16. Na2 Nb6 17. Ne5 Bf8 18. Rxc6 Qxc6 19. Nxc6 Bxb4 20. Naxb4 Bd7 21. Bxb5 Re6 22. Kf1 Nc8 23. Ke1 Nd6 24. Bd3 Rc8 25. Ne5 Bb5 26. Bxb5 Nxb5 27. Nxd5 Nxd4 28. exd4 f6 29. Nxf6+ Rxf6 30. Nf3 Rc2 31. Rb1 Rb6 32. Ne5 Rf6 33. f3 Rxg2 34. Rd1 Rxh2 35. d5 Rh1+ 36. Ke2 Rxd1 37. Kxd1 Rd6 38. Ke2 Rxd5 39. Nxg6 Kg7 40. Nf4 Rb5 41. Nd3 h5 42. Nb4 Kf6 43. Kf2 Kf5 44. Kg3 Re5 45. Kf2 h4 46. Nd3 Rd5 47. Ke2 Rxd3 0-1

[Event "Rome Elo op 3rd"]
[Site "Rome"]
[Date "2009.04.01"]
[Round "4"]
[White "Capitani, Roberto"]
[Black "Carotenuto, Piero"]
[Result "1/2-1/2"]
[WhiteElo "1606"]
[BlackElo "1724"]
[PlyCount "48"]
[EventDate "2009.03.11"]
[EventType "swiss"]
[EventRounds "6"]
[EventCountry "ITA"]
[SourceTitle "EXT 2011"]
[Source "ChessBase"]
[SourceDate "2010.11.26"]
[SourceVersion "1"]
[SourceVersionDate "2010.11.26"]
[SourceQuality "1"]

1. e4 e5 2. Nf3 Nc6 3. Bb5 Nf6 4. Nc3 d6 5. d4 Bd7 6. 0-0 Be7 7. dxe5 dxe5 8. Bxc6 Bxc6 9. Nxe5 Bxe4 10. Nxe4 Nxe4 11. Qg4 Nd6 12. Qxg7 Bf6 13. Qg3 Qe7 14. Bf4 0-0-0 15. Qg4+ Kb8 16. Rfe1 Bxe5 17. Rxe5 Qf6 18. Rd1 Rhg8 19. Rg5 Rg6 20. Rxg6 Qxg6 21. Qg3 Qxc2 22. Qb3 Qg6 23. g3 h5 24. h4 Kc8 1/2-1/2

[Event "Rome Accademia op 10"]
[Site "Rome"]
[Date "2008.10.19"]
[Round "5"]
[White "Tosi, Francesco"]
[Black "Carotenuto, Piero"]
[Result "1-0"]
[WhiteElo "1867"]
[BlackElo "1744"]
[PlyCount "71"]
[EventDate "2008.10.17"]
[EventType "swiss"]
[EventRounds "5"]
[EventCountry "ITA"]
[SourceTitle "EXT 2011"]
[Source "ChessBase"]
[SourceDate "2010.11.26"]
[SourceVersion "1"]
[SourceVersionDate "2010.11.26"]
[SourceQuality "1"]

1. Nf3 d5 2. d4 Nf6 3. c4 e6 4. g3 dxc4 5. Qa4+ Bd7 6. Qxc4 Bc6 7. Bg2 Be7 8. 0-0 0-0 9. Nc3 Nbd7 10. a4 Nb6 11. Qd3 Bb4 12. a5 Nbd7 13. Bg5 h6 14. Bf4 a6 15. Rfc1 Bxc3 16. bxc3 Be4 17. Qd1 Nd5 18. Bd2 Qe7 19. Qb3 b6 20. c4 N5f6 21. axb6 cxb6 22. Bb4 Qd8 23. Bxf8 Nxf8 24. e3 Qb8 25. Ne1 Bxg2 26. Nxg2 N8d7 27. Rab1 Ne4 28. Qc2 Ndf6 29. c5 b5 30. c6 Qc7 31. f4 Nd6 32. Qc5 Nc4 33. Rxc4 Ne4 34. Qe5 Qxe5 35. fxe5 bxc4 36. c7 1-0

[Event "Rome Accademia op 10"]
[Site "Rome"]
[Date "2008.10.17"]
[Round "1"]
[White "Carotenuto, Piero"]
[Black "Vignato, Giovanni"]
[Result "0-1"]
[WhiteElo "1744"]
[BlackElo "2029"]
[PlyCount "106"]
[EventDate "2008.10.17"]
[EventType "swiss"]
[EventRounds "5"]
[EventCountry "ITA"]
[SourceTitle "EXT 2011"]
[Source "ChessBase"]
[SourceDate "2010.11.26"]
[SourceVersion "1"]
[SourceVersionDate "2010.11.26"]
[SourceQuality "1"]

1. d4 d5 2. c4 e6 3. Nc3 f5 4. Nf3 Nf6 5. Bf4 c6 6. e3 Be7 7. Bd3 0-0 8. 0-0 Ne4 9. Bxe4 dxe4 10. Ne5 Nd7 11. f3 g5 12. Nxd7 Bxd7 13. Be5 exf3 14. Rxf3 g4 15. Rf1 Bf6 16. Bxf6 Rxf6 17. e4 Rh6 18. Qe1 Qg5 19. Qf2 Rf8 20. Qf4 Qg7 21. e5 Rg6 22. g3 h5 23. Rf2 h4 24. Raf1 Rf7 25. Ne4 Re7 26. Nf6+ Kf8 27. Qd2 Rh6 28. Qa5 hxg3 29. hxg3 Qh8 30. Rg2 Rh1+ 31. Kf2 Rxf1+ 32. Kxf1 Qh1+ 33. Kf2 Qd1 34. Qc3 c5 35. Rg1 Qxd4+ 36. Qxd4 cxd4 37. Rd1 Bc6 38. Rxd4 Kf7 39. b4 a6 40. a3 Rc7 41. c5 Rc8 42. Rd2 Rh8 43. Ke3 Rh1 44. Kf2 Bb5 45. Ke3 Ra1 46. Rb2 Rxa3+ 47. Kf2 Rf3+ 48. Kg2 Bc6 49. Rf2 Rb3+ 50. Kh2 Rb1 51. Rg2 Rxb4 52. Nh7 a5 53. Ng5+ Ke7 0-1